01216nam a2200217 a 450000100100000000500170001000800410002704000250006808200150009311000620010824501650017026000800033530000270041570000420044204900090048495201280049395201280062195201130074995201190086299900170098100001682220200929164952.0100310s1986 dr a 000 0 spa d aDO-SdBNPbspacBNPHU axxxbA627h1 aRepública DominicanabSuperintendencia de Bancos93725610aAntecedentes históricos, régimen legal, funciones y evolución :ben ocación de su trigesimonoveno (39 aniversario) /ccompilador Samuel Jiménez Suero. aSanto Domingo :bClub de Empleados de la Superintendencia de Bancos,c1986. a15 p. :bil. ;c21 cm.1 aJiménez Suero, Samuelecomp.937257 aBNPD 001054708DSaGRbGRcCTd2010-03-10iLF1l0oxxx A627hp16822-30r2020-06-25te. 5w2020-06-25yLFDSZPréstamo en sala 001054708DSaGRbGRcCTd2010-03-10iLF1l0oxxx A627hp16822-40r2020-06-25te. 4w2020-06-25yLFDSZPréstamo en sala 0010718PDaPDbPDcCTd2010-03-10iLF1l0oxxx A627hp16822-10r2020-06-25w2020-06-25yLFPDZNo se presta 0010718PDaPDbPDcCTd2010-03-10iLF1l0oxxx A627hp16822-20r2020-06-25te. 2w2020-06-25yLFPDZNo se presta c16354d16354